[Event "Ekaterinburg Scerbin Memorial"]
[Site "Ekaterinburg"]
[Date "2023.01.15"]
[Round "9"]
[White "Ponkratov, Pavel"]
[Black "Shinkevich, Vitaly"]
[Result "1-0"]
[WhiteElo "2577"]
[BlackElo "2377"]
[PlyCount "57"]
[EventDate "2023.01.14"]
[EventType "swiss (rapid)"]
[EventRounds "11"]
[EventCountry "RUS"]
[SourceTitle "CBM 212 Extra"]
[Source "ChessBase"]
[SourceDate "2023.03.31"]
[SourceVersion "1"]
[SourceVersionDate "2023.03.31"]
[SourceQuality "1"]

1. e4 c5 2. Nf3 e6 3. d4 cxd4 4. Nxd4 a6 5. c4 Nf6 6. Nc3 Qc7 7. a3 d6 8. Be3 Be7 9. Rc1 0-0 10. Be2 b6 11. g4 Bb7 12. f3 Re8 13. g5 Nfd7 14. h4 Bf8 15. h5 Nc6 16. g6 fxg6 17. hxg6 h6 18. Ncb5 Qb8 19. Nxc6 Bxc6 20. Nd4 Bb7 21. Qb3 Nc5 22. Qxb6 a5 23. b4 axb4 24. axb4 Na4 25. Qb5 Qc7 26. Qh5 d5 27. cxd5 Qg3+ 28. Kf1 exd5 29. Qf5 1-0

[Event "Ekaterinburg Scerbin Memorial"]
[Site "Ekaterinburg"]
[Date "2023.01.14"]
[Round "7"]
[White "Afanasiev, Nikita"]
[Black "Shinkevich, Vitaly"]
[Result "1/2-1/2"]
[WhiteElo "2562"]
[BlackElo "2377"]
[PlyCount "48"]
[EventDate "2023.01.14"]
[EventType "swiss (rapid)"]
[EventRounds "11"]
[EventCountry "RUS"]
[SourceTitle "CBM 212 Extra"]
[Source "ChessBase"]
[SourceDate "2023.03.31"]
[SourceVersion "1"]
[SourceVersionDate "2023.03.31"]
[SourceQuality "1"]

1. d4 Nf6 2. c4 e6 3. Nf3 b6 4. g3 Bb7 5. Bg2 Be7 6. 0-0 0-0 7. Qc2 c5 8. dxc5 bxc5 9. Nc3 d6 10. Rd1 Qb6 11. b3 Rd8 12. Bb2 Nc6 13. Rac1 Rac8 14. Qb1 h6 15. h3 a6 16. g4 Qa7 17. Na4 Nb4 18. Bc3 Be4 19. Qb2 Nc6 20. Bd2 d5 21. cxd5 exd5 22. g5 hxg5 23. Bxg5 d4 24. Qd2 Nd5 1/2-1/2

[Event "Ekaterinburg Sysoev Memorial Rapid"]
[Site "Ekaterinburg"]
[Date "2021.11.28"]
[Round "1"]
[White "Shinkevich, Vitaly"]
[Black "Sharipov, Aidar"]
[Result "1/2-1/2"]
[WhiteElo "2412"]
[BlackElo "2127"]
[PlyCount "92"]
[EventDate "2021.11.28"]
[EventType "swiss (rapid)"]
[EventRounds "8"]
[EventCountry "RUS"]
[SourceTitle "EXT 2023"]
[Source "ChessBase"]
[SourceDate "2022.10.05"]
[SourceVersion "1"]
[SourceVersionDate "2022.10.05"]
[SourceQuality "1"]

1. c4 e5 2. Nc3 Nf6 3. Nf3 Nc6 4. e4 Bb4 5. d3 d6 6. Be2 h6 7. 0-0 a5 8. Be3 0-0 9. a3 Bc5 10. d4 exd4 11. Nxd4 Bxd4 12. Bxd4 Re8 13. f3 Nxd4 14. Qxd4 Nd7 15. b4 Ne5 16. Nd5 Be6 17. Kh1 b6 18. Qc3 c5 19. bxc5 bxc5 20. Bd1 Bxd5 21. cxd5 Qc7 22. Ba4 Reb8 23. f4 Ng6 24. Rad1 Qe7 25. Rde1 Rb6 26. e5 Rd8 27. e6 Ra6 28. Bc2 Nf8 29. Bf5 Ra7 30. exf7+ Qxf7 31. Be6 Nxe6 32. dxe6 Qe7 33. f5 Rf8 34. Qd3 Raa8 35. Rd1 Rad8 36. Qd5 Kh8 37. h3 Rf6 38. Rb1 Re8 39. Rfd1 Qf8 40. g4 g6 41. Rf1 gxf5 42. gxf5 Qg7 43. Rg1 Qf8 44. Rbf1 Rexe6 45. Qxe6 Rxe6 46. fxe6 Qe7 1/2-1/2

[Event "Skolkovo Russian Rapid GP"]
[Site "Skolkovo"]
[Date "2019.09.22"]
[Round "8"]
[White "Esipenko, Andrey"]
[Black "Shinkevich, Vitaly"]
[Result "0-1"]
[WhiteElo "2624"]
[BlackElo "2440"]
[PlyCount "102"]
[EventDate "2019.09.21"]
[EventType "swiss (rapid)"]
[EventRounds "11"]
[EventCountry "RUS"]
[SourceTitle "EXT 2020"]
[Source "ChessBase"]
[SourceDate "2019.10.17"]
[SourceVersion "1"]
[SourceVersionDate "2019.10.17"]
[SourceQuality "1"]

1. d4 Nf6 2. Nf3 c5 3. d5 b5 4. Bg5 Qb6 5. Bxf6 Qxf6 6. c3 g6 7. e4 Qb6 8. a4 b4 9. a5 Qb7 10. Bc4 Bg7 11. 0-0 0-0 12. Qc2 d6 13. Nbd2 Nd7 14. Be2 Rb8 15. Rfc1 Nf6 16. Nc4 Qc7 17. Rd1 Ba6 18. Nfd2 e6 19. dxe6 fxe6 20. e5 dxe5 21. Re1 bxc3 22. bxc3 e4 23. Ne3 Bb7 24. Bc4 Bd5 25. Qa2 Kh8 26. Rab1 Qc6 27. a6 h5 28. h3 Kh7 29. Red1 Rfd8 30. Ndf1 Bh6 31. Nxd5 exd5 32. Rxb8 Rxb8 33. Bxd5 Qc7 34. Be6 Qe5 35. Qc4 Re8 36. Bf7 Re7 37. Rb1 e3 38. fxe3 Bxe3+ 39. Nxe3 Qxe3+ 40. Kh1 Ne4 41. Bg8+ Kh6 42. Rb7 Qe1+ 43. Kh2 Qg3+ 44. Kg1 Nd2 45. Rxe7 Nxc4 46. Bxc4 Qh4 47. Rxa7 Qxc4 48. Ra8 Qxc3 49. a7 Qa1+ 50. Kh2 Kg7 51. h4 Qa6 0-1

[Event "Skolkovo Russian Rapid GP"]
[Site "Skolkovo"]
[Date "2019.09.21"]
[Round "4"]
[White "Potapov, Pavel"]
[Black "Shinkevich, Vitaly"]
[Result "1/2-1/2"]
[WhiteElo "2496"]
[BlackElo "2440"]
[PlyCount "63"]
[EventDate "2019.09.21"]
[EventType "swiss (rapid)"]
[EventRounds "11"]
[EventCountry "RUS"]
[SourceTitle "EXT 2020"]
[Source "ChessBase"]
[SourceDate "2019.10.17"]
[SourceVersion "1"]
[SourceVersionDate "2019.10.17"]
[SourceQuality "1"]

1. e4 e5 2. Nf3 Nc6 3. Bb5 a6 4. Ba4 Nf6 5. Bxc6 dxc6 6. d3 Nd7 7. b3 Bd6 8. Bb2 0-0 9. Nbd2 f6 10. 0-0 Nc5 11. Nc4 Bg4 12. Ne3 Bh5 13. Nf5 Ne6 14. Ng3 Bf7 15. d4 exd4 16. Nxd4 Nxd4 17. Qxd4 Re8 18. Rfe1 Bxg3 19. hxg3 Qxd4 20. Bxd4 Rad8 21. Bc3 Bg6 22. f3 f5 23. e5 Bf7 24. Kf2 Be6 25. Rad1 Kf7 26. Ke3 h6 27. a4 c5 28. a5 Ke7 29. Bb2 Rxd1 30. Rxd1 Rd8 31. Rh1 Kf7 32. Bc3 1/2-1/2

[Event "Skolkovo Russian Rapid GP"]
[Site "Skolkovo"]
[Date "2019.09.21"]
[Round "5"]
[White "Shinkevich, Vitaly"]
[Black "Savchenko, Boris"]
[Result "0-1"]
[WhiteElo "2440"]
[BlackElo "2581"]
[PlyCount "138"]
[EventDate "2019.09.21"]
[EventType "swiss (rapid)"]
[EventRounds "11"]
[EventCountry "RUS"]
[SourceTitle "EXT 2020"]
[Source "ChessBase"]
[SourceDate "2019.10.17"]
[SourceVersion "1"]
[SourceVersionDate "2019.10.17"]
[SourceQuality "1"]

1. d4 Nf6 2. Nf3 e6 3. c4 a6 4. Nc3 d5 5. cxd5 exd5 6. Bg5 Be6 7. e3 Nbd7 8. Bd3 Bd6 9. 0-0 c6 10. a3 0-0 11. b4 Qc7 12. Bh4 Bg4 13. Bg3 Bxg3 14. hxg3 Rfe8 15. Qc2 Bh5 16. Rac1 Bg6 17. a4 Qd6 18. b5 Rec8 19. Bxg6 hxg6 20. bxc6 Rxc6 21. Qb3 Rac8 22. Ne2 Ne4 23. Rxc6 Qxc6 24. Nf4 Nb6 25. Ne5 Qd6 26. Ra1 g5 27. Nfd3 Rc3 28. Qd1 f6 29. Nf3 Nc4 30. Nc5 Nxc5 31. dxc5 Qxc5 32. Nd4 Ne5 33. Rb1 b6 34. Kh2 g6 35. Qd2 Kf7 36. Qe2 Qc4 37. Qb2 Qc5 38. Qe2 f5 39. Rf1 Qc4 40. Qd1 Ra3 41. Qb1 Qc7 42. Rc1 Ng4+ 43. Kg1 Rc3 44. Rd1 Nf6 45. Qb2 g4 46. Rb1 Nd7 47. Ra1 Rc4 48. Qb3 Rc1+ 49. Rxc1 Qxc1+ 50. Kh2 Qc4 51. Qa3 Qc5 52. Qd3 Qc4 53. Qa3 Qc7 54. Qb4 Nc5 55. Ne2 Ne6 56. Qb3 Qc4 57. Qd1 Ke7 58. Qd2 Kd6 59. Qb2 b5 60. axb5 axb5 61. Nc1 d4 62. Qd2 b4 63. exd4 Qc3 64. Qh6 g5 65. Na2 Qc4 66. Qf6 Qxa2 67. Qe5+ Kc6 68. Qxf5 Qd5 69. Qxg4 b3 0-1

[Event "Moscow blitz 73rd"]
[Site "Moscow"]
[Date "2019.09.07"]
[Round "4"]
[White "Paravyan, David"]
[Black "Shinkevich, Vitaly"]
[Result "1-0"]
[WhiteElo "2605"]
[BlackElo "2440"]
[PlyCount "57"]
[EventDate "2019.09.07"]
[EventType "tourn (blitz)"]
[EventRounds "17"]
[EventCountry "RUS"]
[EventCategory "13"]
[SourceTitle "EXT 2020"]
[Source "ChessBase"]
[SourceDate "2019.10.17"]
[SourceVersion "1"]
[SourceVersionDate "2019.10.17"]
[SourceQuality "1"]

1. e4 c5 2. c3 g6 3. Bc4 Bg7 4. Nf3 d6 5. d4 cxd4 6. cxd4 Nf6 7. Nc3 0-0 8. Be2 d5 9. e5 Ne4 10. 0-0 Nc6 11. Be3 Bf5 12. h4 Rc8 13. h5 f6 14. h6 Bh8 15. Nxe4 Bxe4 16. Nd2 Bf5 17. f4 Qb6 18. Qb3 Rfd8 19. Qxb6 axb6 20. a3 e6 21. Rac1 Kf7 22. g4 Be4 23. g5 fxg5 24. Nxe4 dxe4 25. fxg5+ Ke7 26. Kg2 Rd7 27. Rf2 Rdc7 28. Rcf1 Nd8 29. Bd2 1-0

[Event "Moscow blitz 73rd"]
[Site "Moscow"]
[Date "2019.09.07"]
[Round "3"]
[White "Shinkevich, Vitaly"]
[Black "Grachev, Boris V"]
[Result "0-1"]
[WhiteElo "2440"]
[BlackElo "2621"]
[PlyCount "230"]
[EventDate "2019.09.07"]
[EventType "tourn (blitz)"]
[EventRounds "17"]
[EventCountry "RUS"]
[EventCategory "13"]
[SourceTitle "EXT 2020"]
[Source "ChessBase"]
[SourceDate "2019.10.17"]
[SourceVersion "1"]
[SourceVersionDate "2019.10.17"]
[SourceQuality "1"]

1. d4 d5 2. c4 e6 3. Nf3 Nf6 4. Nc3 dxc4 5. e3 a6 6. a4 b6 7. Bxc4 Bb7 8. 0-0 Bb4 9. Qe2 Nbd7 10. Na2 Bd6 11. Nc3 Bb4 12. Na2 Bd6 13. Nc3 c5 14. b3 0-0 15. Bb2 cxd4 16. exd4 Qb8 17. h3 Re8 18. Rfe1 Bb4 19. Ne5 Nf8 20. Nd3 Bxc3 21. Bxc3 Ng6 22. Bb2 Nd5 23. Qg4 Ndf4 24. Nxf4 Qxf4 25. Bc1 Qxg4 26. hxg4 Bc6 27. Be3 b5 28. axb5 axb5 29. Bd3 Ne7 30. Rec1 Rxa1 31. Rxa1 Rb8 32. f3 Bd5 33. Bf4 Rb6 34. Ra7 Ng6 35. Bc7 Rc6 36. Bxb5 Rc1+ 37. Kh2 h6 38. Be8 Rc2 39. Kg3 Bxb3 40. Bd6 e5 41. dxe5 Be6 42. Ra8 Kh7 43. Ra7 Kg8 44. Ra8 Kh7 45. Ra7 Kg8 46. Ra3 Rc8 47. Bb5 Rc2 48. Bd3 Rd2 49. Be4 Re2 50. Ra8+ Kh7 51. Ra4 Kg8 52. f4 Bd7 53. Ra8+ Kh7 54. Bf3 Re1 55. Kf2 Rb1 56. f5 Nh4 57. Ra7 Rb2+ 58. Ke3 Rb3+ 59. Kd4 Nxf3+ 60. gxf3 Be8 61. e6 fxe6 62. Be5 Kg8 63. Rxg7+ Kf8 64. fxe6 Bc6 65. Rf7+ Ke8 66. f4 Rb1 67. f5 Rd1+ 68. Kc5 Bf3 69. Rg7 Rd5+ 70. Kc4 Rxe5 71. Kd4 Re1 72. Kc5 Re5+ 73. Kd4 Re4+ 74. Kd3 Rxg4 75. Rh7 Be4+ 76. Ke3 Bxf5 77. Rxh6 Ke7 78. Rh2 Kxe6 79. Kf3 Ra4 80. Rb2 Kf6 81. Rb6+ Kg5 82. Ke3 Re4+ 83. Kd2 Kf4 84. Kc3 Re3+ 85. Kd4 Rd3+ 86. Kc4 Rd1 87. Rb8 Ke5 88. Re8+ Be6+ 89. Kc3 Rh1 90. Kd3 Rh3+ 91. Kd2 Kd5 92. Ke2 Bf5 93. Kd2 Be4 94. Rd8+ Ke5 95. Re8+ Kd4 96. Rd8+ Bd5 97. Ke1 Ke3 98. Kd1 Be4 99. Kc1 Rh2 100. Rd7 Rc2+ 101. Kd1 Rc8 102. Ke1 Rh8 103. Rf7 Rh6 104. Rf8 Rh7 105. Rf6 Rc7 106. Rd6 Rc1+ 107. Rd1 Rc7 108. Rd8 Rg7 109. Rf8 Rg5 110. Rf7 Rg8 111. Rf6 Bd5 112. Rf5 Rg1+ 113. Rf1 Rg7 114. Rf8 Rc7 115. Kd1 Bf3+ 0-1

[Event "Moscow blitz 73rd"]
[Site "Moscow"]
[Date "2019.09.07"]
[Round "16"]
[White "Shinkevich, Vitaly"]
[Black "Riazantsev, Alexander"]
[Result "1/2-1/2"]
[WhiteElo "2440"]
[BlackElo "2645"]
[PlyCount "94"]
[EventDate "2019.09.07"]
[EventType "tourn (blitz)"]
[EventRounds "17"]
[EventCountry "RUS"]
[EventCategory "13"]
[SourceTitle "EXT 2020"]
[Source "ChessBase"]
[SourceDate "2019.10.17"]
[SourceVersion "1"]
[SourceVersionDate "2019.10.17"]
[SourceQuality "1"]

1. d4 Nf6 2. Nf3 d5 3. c4 e6 4. Nc3 Bb4 5. g3 0-0 6. Bg2 dxc4 7. 0-0 Nc6 8. a3 Bxc3 9. bxc3 Na5 10. Bg5 h6 11. Bh4 b6 12. e4 Qe8 13. Bxf6 gxf6 14. Nh4 Bb7 15. Qh5 Kh7 16. f4 Rg8 17. Rae1 Rg7 18. d5 Nb3 19. e5 f5 20. dxe6 Bxg2 21. Nxf5 Qxe6 22. Nxg7 Kxg7 23. Kxg2 Rd8 24. Rf2 Nc5 25. f5 Qd5+ 26. Kg1 Nd3 27. e6 Nxf2 28. f6+ Kxf6 29. Qxf7+ Kg5 30. Qxf2 Qc5 31. Qxc5+ bxc5 32. e7 Re8 33. Kg2 Kf6 34. Kf3 Rxe7 35. Rxe7 Kxe7 36. Kf4 Ke6 37. g4 c6 38. h4 Kf6 39. g5+ hxg5+ 40. hxg5+ Kg6 41. Kg4 Kg7 42. Kf5 Kf7 43. Ke5 Kg6 44. Kd6 Kxg5 45. Kxc5 Kf5 46. Kxc4 Ke6 47. Kc5 Kd7 1/2-1/2

[Event "Moscow blitz 73rd"]
[Site "Moscow"]
[Date "2019.09.07"]
[Round "14"]
[White "Shinkevich, Vitaly"]
[Black "Seliverstov, Vladimir"]
[Result "1-0"]
[WhiteElo "2440"]
[BlackElo "2462"]
[PlyCount "46"]
[EventDate "2019.09.07"]
[EventType "tourn (blitz)"]
[EventRounds "17"]
[EventCountry "RUS"]
[EventCategory "13"]
[SourceTitle "EXT 2020"]
[Source "ChessBase"]
[SourceDate "2019.10.17"]
[SourceVersion "1"]
[SourceVersionDate "2019.10.17"]
[SourceQuality "1"]

1. c4 g6 2. Nc3 Bg7 3. Nf3 Nf6 4. e4 0-0 5. d4 d6 6. h3 a6 7. Bg5 c5 8. dxc5 Qa5 9. Qd2 Qxc5 10. Rc1 Nc6 11. Be2 Be6 12. b3 Rfc8 13. 0-0 Qa5 14. Nd5 Qxd2 15. Nxd2 Bxd5 16. exd5 Nd4 17. Bd3 Nd7 18. Rfe1 Nc5 19. Bf1 e5 20. b4 Na4 21. Ne4 Bf8 22. f4 h6 23. Bf6 Re8 1-0

[Event "Wch Blitz"]
[Site "St Petersburg"]
[Date "2018.12.30"]
[Round "14"]
[White "Huzman, Alexander"]
[Black "Shinkevich, Vitaly"]
[Result "1-0"]
[WhiteElo "2580"]
[BlackElo "2439"]
[PlyCount "137"]
[EventDate "2018.12.29"]
[EventType "swiss (blitz)"]
[EventRounds "21"]
[EventCountry "RUS"]
[SourceTitle "CBM 187 Extra"]
[Source "ChessBase"]
[SourceDate "2018.11.04"]
[SourceVersion "1"]
[SourceVersionDate "2018.11.04"]
[SourceQuality "1"]

1. d4 Nf6 2. Nf3 c5 3. d5 b5 4. Bg5 Qb6 5. Bxf6 Qxf6 6. c3 g6 7. e4 Qb6 8. Nbd2 Bg7 9. a4 b4 10. a5 Qb7 11. Qc2 d6 12. h3 0-0 13. Bc4 Nd7 14. 0-0 Rb8 15. Rfe1 Ne5 16. Nxe5 Bxe5 17. Nf3 Bg7 18. Qd3 Bd7 19. e5 Bf5 20. Qe3 Qc7 21. Re2 bxc3 22. bxc3 Rb1+ 23. Rxb1 Bxb1 24. g4 Qxa5 25. Rb2 Qa1 26. Qc1 Qa4 27. Bb5 Qe4 28. Nd2 Qxd5 29. Rxb1 Bxe5 30. Bf1 Bf4 31. Rb2 a5 32. Qc2 a4 33. Bc4 Qc6 34. Ra2 Ra8 35. Qd3 Bxd2 36. Qxd2 e6 37. Bf1 d5 38. c4 a3 39. Bg2 Qb6 40. cxd5 exd5 41. Qxd5 Rd8 42. Qc4 Rd1+ 43. Bf1 Qb4 44. Qe2 Rb1 45. Rd2 Qc3 46. Rd8+ Kg7 47. Qe8 Kh6 48. h4 a2 49. Qf8+ Qg7 50. g5+ Kh5 51. Qxg7 a1Q 52. Qxa1 Rxa1 53. Rc8 Rc1 54. Rc7 Kxh4 55. Rxf7 c4 56. Rxh7+ Kxg5 57. Kg2 c3 58. Rc7 Kf4 59. Bd3 g5 60. Rc4+ Ke5 61. Kf3 Kd5 62. Ke2 Ke5 63. Rc5+ Kd4 64. Rc4+ Kd5 65. Rg4 c2 66. Kd2 Ra1 67. Rxg5+ Kd4 68. Rg4+ Ke5 69. Bxc2 1-0

[Event "Wch Blitz"]
[Site "St Petersburg"]
[Date "2018.12.30"]
[Round "18"]
[White "Pantsulaia, Levan"]
[Black "Shinkevich, Vitaly"]
[Result "0-1"]
[WhiteElo "2597"]
[BlackElo "2439"]
[PlyCount "122"]
[EventDate "2018.12.29"]
[EventType "swiss (blitz)"]
[EventRounds "21"]
[EventCountry "RUS"]
[SourceTitle "CBM 187 Extra"]
[Source "ChessBase"]
[SourceDate "2018.11.04"]
[SourceVersion "1"]
[SourceVersionDate "2018.11.04"]
[SourceQuality "1"]

1. c4 Nf6 2. g3 c5 3. Bg2 g6 4. Nc3 Bg7 5. Nf3 Nc6 6. d4 cxd4 7. Nxd4 0-0 8. 0-0 Ng4 9. e3 d6 10. b3 Nxd4 11. exd4 Nh6 12. Bb2 Nf5 13. d5 Bd7 14. Qd2 Qa5 15. Rfe1 Rfe8 16. a3 Rac8 17. b4 Qb6 18. Re4 Nd4 19. Rae1 Rxc4 20. Rxe7 Rxe7 21. Rxe7 Qd8 22. Re1 h5 23. Qd3 Rc8 24. Ne4 Bb5 25. Qd1 Qb6 26. Nxd6 Ne2+ 27. Rxe2 Bxe2 28. Nxc8 Bxd1 29. Nxb6 Bxb2 30. Nc4 Bf6 31. Na5 b6 32. Nc6 a6 33. Bf1 Bf3 34. Bg2 Bg4 35. d6 Kf8 36. Bd5 b5 37. f4 Bb2 38. Ne5 Bf5 39. Nxf7 Bxa3 40. Ne5 Bxb4 41. d7 Be7 42. Nc6 Bxd7 43. Nb8 Bc8 44. Be4 Kg7 45. Nc6 Bc5+ 46. Kg2 Bb7 47. Kf3 Kf6 48. h3 b4 49. Na5 Bxe4+ 50. Kxe4 Bb6 51. Nc4 Bc7 52. Ne3 Ke6 53. Nd5 Bd6 54. g4 h4 55. f5+ gxf5+ 56. gxf5+ Kf7 57. Kd3 a5 58. Kc4 a4 59. Nb6 a3 60. Kb3 Kf6 61. Nc4 Bc5 0-1

[Event "Wch Blitz"]
[Site "St Petersburg"]
[Date "2018.12.30"]
[Round "19"]
[White "Shinkevich, Vitaly"]
[Black "Goganov, Aleksey"]
[Result "1/2-1/2"]
[WhiteElo "2439"]
[BlackElo "2612"]
[PlyCount "92"]
[EventDate "2018.12.29"]
[EventType "swiss (blitz)"]
[EventRounds "21"]
[EventCountry "RUS"]
[SourceTitle "CBM 187 Extra"]
[Source "ChessBase"]
[SourceDate "2018.11.04"]
[SourceVersion "1"]
[SourceVersionDate "2018.11.04"]
[SourceQuality "1"]

1. d4 d5 2. c4 c6 3. Nf3 Nf6 4. Nc3 dxc4 5. a4 a5 6. e4 Bg4 7. Bxc4 e6 8. Be3 Nbd7 9. 0-0 Bb4 10. e5 Nd5 11. Nxd5 cxd5 12. Be2 0-0 13. Ng5 Bxe2 14. Qxe2 h6 15. Nh3 f5 16. Nf4 Qe8 17. Rac1 g5 18. Nd3 f4 19. Bd2 f3 20. gxf3 Bxd2 21. Qxd2 Rxf3 22. Ne1 Rf4 23. Ng2 Rf3 24. Rc7 Nf8 25. Qe2 Rf7 26. Rxf7 Qxf7 27. f4 Qg7 28. fxg5 hxg5 29. Ne3 Nh7 30. Qg4 Qe7 31. Qh5 Rf8 32. Qg6+ Kh8 33. Rxf8+ Nxf8 34. Qh6+ Kg8 35. Ng4 Qg7 36. Nf6+ Kf7 37. Qh3 Qg6 38. Qb3 Qb1+ 39. Kg2 Kg6 40. Qb5 Qc2+ 41. Kg3 Kf5 42. Qf1+ Kg6 43. Qb5 Kf5 44. Qf1+ Kg6 45. Qb5 Kf5 46. Qf1+ Kg6 1/2-1/2

[Event "Wch Blitz"]
[Site "St Petersburg"]
[Date "2018.12.30"]
[Round "15"]
[White "Shinkevich, Vitaly"]
[Black "Teterev, Vitaly"]
[Result "0-1"]
[WhiteElo "2439"]
[BlackElo "2486"]
[PlyCount "111"]
[EventDate "2018.12.29"]
[EventType "swiss (blitz)"]
[EventRounds "21"]
[EventCountry "RUS"]
[SourceTitle "CBM 187 Extra"]
[Source "ChessBase"]
[SourceDate "2018.11.04"]
[SourceVersion "1"]
[SourceVersionDate "2018.11.04"]
[SourceQuality "1"]

1. d4 Nf6 2. Nf3 g6 3. c4 Bg7 4. g3 0-0 5. Bg2 d6 6. Nc3 Nbd7 7. 0-0 e5 8. e4 exd4 9. Nxd4 Re8 10. h3 a6 11. Rb1 Rb8 12. Re1 Ne5 13. b3 c5 14. Nc2 Qc7 15. a4 Bd7 16. Bg5 Bc6 17. Qd2 Re6 18. f4 Ned7 19. Nd5 Bxd5 20. cxd5 Ree8 21. e5 dxe5 22. d6 Qd8 23. Na3 e4 24. Nc4 h6 25. Bh4 b5 26. axb5 axb5 27. Ne3 Qb6 28. Kh2 Ra8 29. Re2 Ra6 30. Rd1 Re6 31. Bxf6 Bxf6 32. Nd5 Qxd6 33. Qc2 Qb8 34. Bxe4 Bd4 35. f5 Re5 36. fxg6 fxg6 37. Bg2 Rae6 38. Rxe5 Nxe5 39. Rf1 Kg7 40. b4 c4 41. Qe4 Bb2 42. Qe2 Bd4 43. Qe4 Qa7 44. Qf4 Kh7 45. Qf8 h5 46. Nf6+ Rxf6 47. Rxf6 Qa1 48. Qe7+ Kh6 49. Qf8+ Kh7 50. Qe7+ Kh6 51. Rf1 Qc3 52. Qf8+ Kh7 53. Qe7+ Kh6 54. Qf8+ Kh7 55. Qe7+ Kh6 56. Rf8 0-1

[Event "Wch Blitz"]
[Site "St Petersburg"]
[Date "2018.12.29"]
[Round "7"]
[White "Levin, Evgeny A"]
[Black "Shinkevich, Vitaly"]
[Result "1-0"]
[WhiteElo "2516"]
[BlackElo "2439"]
[PlyCount "85"]
[EventDate "2018.12.29"]
[EventType "swiss (blitz)"]
[EventRounds "21"]
[EventCountry "RUS"]
[SourceTitle "CBM 187 Extra"]
[Source "ChessBase"]
[SourceDate "2018.11.04"]
[SourceVersion "1"]
[SourceVersionDate "2018.11.04"]
[SourceQuality "1"]

1. d4 Nf6 2. Nf3 c5 3. c3 g6 4. Bg5 Bg7 5. Nbd2 0-0 6. Bxf6 exf6 7. dxc5 a5 8. a4 Na6 9. Nb3 b6 10. cxb6 Qxb6 11. e3 f5 12. Bc4 f4 13. e4 Bb7 14. 0-0 Bxe4 15. Bd5 Bxd5 16. Qxd5 Nc7 17. Qd1 Rab8 18. Nfd2 d5 19. Qf3 g5 20. h4 h6 21. hxg5 hxg5 22. Rfe1 Bf6 23. Qd3 Kg7 24. Nd4 Bxd4 25. cxd4 Ne6 26. Re5 Qxb2 27. Rae1 Qxd4 28. Rxg5+ Kf6 29. Rxe6+ fxe6 30. Qxd4+ Kxg5 31. Qe5+ Kg6 32. Qxe6+ Rf6 33. Qxd5 Kg7 34. Qg5+ Kf7 35. Qd5+ Kg7 36. Kf1 Rbb6 37. Qd7+ Kg6 38. Qd3+ Kg7 39. Qd4 Kf7 40. Ne4 Rh6 41. Qd7+ Kf8 42. Ng5 Kg8 43. Qf7+ 1-0

[Event "Wch Blitz"]
[Site "St Petersburg"]
[Date "2018.12.29"]
[Round "10"]
[White "Shinkevich, Vitaly"]
[Black "Fakhrutdinov, Timur"]
[Result "1/2-1/2"]
[WhiteElo "2439"]
[BlackElo "2481"]
[PlyCount "168"]
[EventDate "2018.12.29"]
[EventType "swiss (blitz)"]
[EventRounds "21"]
[EventCountry "RUS"]
[SourceTitle "CBM 187 Extra"]
[Source "ChessBase"]
[SourceDate "2018.11.04"]
[SourceVersion "1"]
[SourceVersionDate "2018.11.04"]
[SourceQuality "1"]

1. d4 Nf6 2. Nf3 d5 3. c4 e6 4. Nc3 dxc4 5. e3 a6 6. a4 c5 7. Bxc4 Nc6 8. 0-0 Be7 9. Qe2 cxd4 10. Rd1 e5 11. exd4 exd4 12. Nxd4 Nxd4 13. Qe5 Qd6 14. Qxd6 Bxd6 15. Rxd4 Bc5 16. Rf4 Be6 17. Bxe6 fxe6 18. Rc4 Bd6 19. Be3 Ke7 20. Ne4 Nd5 21. Bd4 Rhg8 22. Re1 h6 23. h4 Rad8 24. Nxd6 Kxd6 25. Be5+ Ke7 26. h5 g6 27. hxg6 Rxg6 28. g3 h5 29. Kg2 Rf8 30. Rh1 Rf5 31. Re4 Nf6 32. Bxf6+ Rgxf6 33. f4 b5 34. axb5 Rxb5 35. b4 Rff5 36. Ra1 a5 37. bxa5 Rxa5 38. Rxa5 Rxa5 39. Kh3 Kf6 40. Kh4 Rd5 41. Rb4 Rd3 42. Rb5 Rd1 43. Rxh5 Rh1+ 44. Kg4 Re1 45. Rb5 Rf1 46. Rc5 Rd1 47. Ra5 Rd3 48. Rc5 Rd1 49. Rb5 Ra1 50. Rc5 Rb1 51. Rc6 Rb4 52. Ra6 Rc4 53. Ra5 Rb4 54. Rh5 Kg6 55. Rg5+ Kf6 56. Rh5 Kg6 57. Re5 Kf6 58. Rc5 Ra4 59. Rb5 Rc4 60. Ra5 Rb4 61. Rh5 Kg6 62. Rg5+ Kf6 63. Re5 Ra4 64. Rc5 Rb4 65. Ra5 Rc4 66. Ra6 Rb4 67. Kh5 Rb5+ 68. Kg4 Rb4 69. Rc6 Ra4 70. Rb6 Rc4 71. Ra6 Rb4 72. Rd6 Ra4 73. Rc6 Rb4 74. Kh5 Rb3 75. Kh4 Rb4 76. Kg4 Ra4 77. Rb6 Rc4 78. Rd6 Ke7 79. Ra6 e5 80. Kg5 exf4 81. gxf4 Rc1 82. Ra7+ Kf8 83. f5 Rc6 84. f6 Rc1 1/2-1/2

[Event "Moscow-ch rapid"]
[Site "Moscow"]
[Date "2018.12.09"]
[Round "10"]
[White "Naumkin, Igor"]
[Black "Shinkevich, Vitaly"]
[Result "0-1"]
[WhiteElo "2410"]
[BlackElo "2439"]
[PlyCount "50"]
[EventDate "2018.12.08"]
[EventType "swiss (rapid)"]
[EventRounds "11"]
[EventCountry "RUS"]
[SourceTitle "CBM 187 Extra"]
[Source "ChessBase"]
[SourceDate "2018.11.04"]
[SourceVersion "1"]
[SourceVersionDate "2018.11.04"]
[SourceQuality "1"]

1. d4 Nf6 2. c4 g6 3. Nc3 d5 4. Nf3 Bg7 5. Qa4+ Bd7 6. Qb3 dxc4 7. Qxc4 0-0 8. e4 Be6 9. d5 Bc8 10. e5 Nfd7 11. Bf4 Nb6 12. Qb3 c6 13. dxc6 Be6 14. Qa3 Nxc6 15. Rd1 Qc8 16. h4 Nc4 17. Bxc4 Bxc4 18. h5 Qf5 19. Rh4 Rfd8 20. Qc5 Rxd1+ 21. Kxd1 Bf1 22. hxg6 hxg6 23. Ne1 Rd8+ 24. Bd2 Rxd2+ 25. Kxd2 Qg5+ 0-1

[Event "Moscow-ch rapid"]
[Site "Moscow"]
[Date "2018.12.08"]
[Round "6"]
[White "Lavrov, Maxim"]
[Black "Shinkevich, Vitaly"]
[Result "0-1"]
[WhiteElo "2387"]
[BlackElo "2439"]
[PlyCount "60"]
[EventDate "2018.12.08"]
[EventType "swiss (rapid)"]
[EventRounds "11"]
[EventCountry "RUS"]
[SourceTitle "CBM 187 Extra"]
[Source "ChessBase"]
[SourceDate "2018.11.04"]
[SourceVersion "1"]
[SourceVersionDate "2018.11.04"]
[SourceQuality "1"]

1. e4 e5 2. Nf3 Nc6 3. Bb5 a6 4. Ba4 Nf6 5. 0-0 b5 6. Bb3 Bb7 7. d3 Bc5 8. c3 d6 9. Bg5 h6 10. Bh4 g5 11. Bg3 Qe7 12. d4 Bb6 13. Re1 h5 14. h4 g4 15. Ng5 Nd8 16. Nd2 Nd7 17. Nf1 f6 18. Ne3 fxg5 19. Nf5 Qf6 20. hxg5 Qxg5 21. Bh4 Qg6 22. dxe5 Nxe5 23. Bd5 Bxd5 24. Qxd5 Rb8 25. Bg3 Ndf7 26. a4 h4 27. Bxh4 c6 28. Qd1 Nf3+ 29. gxf3 gxf3+ 30. Bg3 Qg4 0-1